000 01488nam2a2200325 4500
001 RU\NLR\bibl\394441
005 20250622161654.0
021 _aRU
_b2002-66654
_93231
035 _a(NLR Aleph) 000388710
090 _a501822
_c501822
100 _a20030402d2002 |||y0rusy50 ca
101 0 _arus
102 _aRU
105 _ay |||||||||
200 1 _a1917-1938 гг.
210 _d2002
_aБ. м.
215 _a312 с.
320 _aИмен. указ.: с. 297-300
461 0 _1001RU\NLR\bibl\371467
_12001#$aНациональное образование в России: концепции, взгляды, мнения, 1905-1938 гг.$vЧ. 2
_9365569
_cМ.
_d1999
_fМ-во образования Рос. Федерации, Ин-т нац. пробл. образования, Науч.-исслед. прогр. "Научно-метод. обеспечение развития системы образования"
_nИНПО
_oСб. документов
_tНациональное образование в России: концепции, взгляды, мнения, 1905-1938 гг.
_vЧ. 2
610 0 _aНациональная школа - История
610 0 _aСССР, образование
675 _a37.014.53(47+57)(091)
_v3
_zrus
686 _a14
_2rugasnti
686 _a74.03
_2rubbk
801 0 _aRU
_bRKP
_c20030402
_gPSBO
801 1 _aRU
_bRKP
_c20030402
801 2 _aRU
_bNLR
_c20030526
_grcr
942 _cBOOK
980 _aNB